| 000 | 01445nam a2200373Ia 4500 | ||
|---|---|---|---|
| 001 | ebr10547365 | ||
| 003 | CaPaEBR | ||
| 006 | m u | ||
| 007 | cr cn||||||||| | ||
| 008 | 111010s2012 nyua sb 001 0 eng d | ||
| 010 | _z 2011042186 | ||
| 020 | _z0801450268 | ||
| 020 | _z0801477786 | ||
| 020 | _z9780801450266 | ||
| 020 | _z9780801464096 | ||
| 020 | _z9780801477782 | ||
| 040 |
_aCaPaEBR _cCaPaEBR |
||
| 035 | _a(OCoLC)794489171 | ||
| 050 | 1 | 4 |
_aHD6281.M3 _bL96 2012eb |
| 082 | 0 | 4 |
_a331.3/9887283209744 _223 |
| 100 | 1 | _aLynch, Caitrin. | |
| 245 | 1 | 0 |
_aRetirement on the line _h[electronic resource] : _bage, work, and value in an American factory / _cCaitrin Lynch. |
| 260 |
_aIthaca : _bILR Press, _cc2012. |
||
| 300 |
_ax, 228 p. : _bill. |
||
| 504 | _aIncludes bibliographical references and index. | ||
| 533 |
_aElectronic reproduction. _bPalo Alto, Calif. : _cebrary, _d2011. _nAvailable via World Wide Web. _nAccess may be limited to ebrary affiliated libraries. |
||
| 610 | 2 | 0 |
_aVita Needle Company _xEmployees. |
| 650 | 0 |
_aManufacturing industries _zMassachusetts _zNeedham _xEmployees. |
|
| 650 | 0 |
_aOlder people _xEmployment _zMassachusetts _zNeedham. |
|
| 650 | 0 |
_aRetirement _zMassachusetts _zNeedham. |
|
| 655 | 7 |
_aElectronic books. _2local |
|
| 710 | 2 | _aebrary, Inc. | |
| 856 | 4 | 0 |
_uhttp://site.ebrary.com/lib/rucke/Doc?id=10547365 _zAn electronic book accessible through the World Wide Web; click to view |
| 999 |
_c138901 _d138901 |
||